000 00411nam a2200145Ia 4500
008 151021s9999 xx 000 0 und d
020 _a7968468017
050 _aLB 1062 .N295 2007
245 _a_Elements and pedagogy of critical thinking Tom N. Namwambah
260 _aNairobi 2007
300 _aV,254;
500 _aincludes index
650 _a_critical thinking
980 _a^d20120621 11:51:24^oanne
999 _c9020
_d9020